| 000 | 00369 a2200097 4500 | ||
|---|---|---|---|
| 245 | 0 | 0 |
_aElementy urządzeń elektronicznych - Tranformatory i dławiki radioelektroniczne Nazwy i określenia PN-74/T-01022 / _cMin. Przem. Maszynowego. |
| 246 | 1 | 3 | _aPN-74/T-01022 |
| 246 | 1 | 3 | _a621.314.21 |
| 260 |
_aWarszawa : _bMin. Przem. Maszynowego, _c1974. |
||
| 300 |
_a6 stron ; _c30 cm. |
||
| 650 | _aPolska norma | ||
| 999 |
_c19747 _d19747 |
||